000 01636cam a22004334i 4500
003 PE-LiUPU
005 20250731175641.0
008 150706s r 000 0 d
020 _a9781405867658
035 _a(Sirsi) i9781405867658
040 _aPE-LiUPU
_bspa
_cPE-LiUPU
_erda
049 _aPRUA
082 0 4 _a428.6461
_bPR1 d
_221
100 1 _aShipton, Vicky,
_eautor.
245 1 0 _aDaniel Radcliffe /
_cVicky Shipton.
264 1 _aHarlow :
_bPearson Education,
_c2008 .
300 _a13 páginas :
_bilustraciones ;
_c20 cm.
300 _a01 CD-ROM
336 _atext
_2rdacontent
337 _aunmediated
_2rdamedia
338 _avolume
_2rdacarrier
490 0 _aPenguin Readers ;
_vLevel 1
505 0 _aLife before Harry Potter -- The young wizard -- The world loves Harry Potter! -- The teenager behind the films -- What now for Dan? -- Activities -- Word List.
526 _aP145
526 _aP127
526 _aP97
526 _aP35
526 _aP14
526 _aP07
541 _g002-0046574;
650 0 4 _aInglés
_vLibros de lectura.
700 1 _aRadcliffe, Daniel,
_d1989- .
910 _agl
_bjv
_cjck
_d20120514
942 _2ddc
_cBOOK
949 _a428.6461 PR1 D
_wDEWEY
_c1
_i64642
_lCCODEBUL1
_mBUL
_p5.00
_r0
_sY
_tBOOK
_u2015-7-6
_xEDUCACION
_PP20
_o.STAFF. Colección General
994 _aC0
_bPEPRU
596 _a1
999 _a428.6461 PR1 D
_wDEWEY
_c53346
_i64642
_f2021-11-8
_g5
_lCCODEBUL1
_mBUL
_p5.00
_r0
_sY
_tBOOK
_u2015-7-6
_xEDUCACION
_PP20
_0COMPRA
_o.STAFF. Colección General
_d53346
980 _81
_gALBERTO SANCHEZ Responsable de Automatización